BOYD,S TB. OF PATHOLOGY -2 (Record no. 1606)

MARC details
000 -LEADER
fixed length control field 00347nam a2200145Ia 4500
008 - FIXED-LENGTH DATA ELEMENTS--GENERAL INFORMATION
fixed length control field 150201s2013 xx 000 0 und d
082 ## - DEWEY DECIMAL CLASSIFICATION NUMBER
Classification number 616.07
Item number B13B
100 ## - MAIN ENTRY--PERSONAL NAME
Personal name BHARDWAJ , JR.
245 ## - TITLE STATEMENT
Title BOYD,S TB. OF PATHOLOGY -2
250 ## - EDITION STATEMENT
Edition statement 10TH
260 ## - PUBLICATION, DISTRIBUTION, ETC. (IMPRINT)
Name of publisher, distributor, etc. WOLTERS KLUWER
Place of publication, distribution, etc. INDIA
Date of publication, distribution, etc. 2013
300 ## - PHYSICAL DESCRIPTION
Extent 1-1815
650 ## - SUBJECT ADDED ENTRY--TOPICAL TERM
Topical term or geographic name as entry element PATHOLOGY
942 ## - ADDED ENTRY ELEMENTS (KOHA)
Source of classification or shelving scheme Dewey Decimal Classification
Koha item type Books
Holdings
Withdrawn status Lost status Source of classification or shelving scheme Damaged status Not for loan Collection code Home library Current library Shelving location Date acquired Source of acquisition Serial Enumeration / chronology SGTU Bill Number Total Checkouts Full call number Barcode Date last seen Bill Date Koha item type
    Dewey Decimal Classification   Not For Loan MEDICAL SGT Medical Library SGT Medical Library Reference Book 23/01/2014 ABC DELHI II SGTU 4209   616.07 B13B FM5633 25/07/2017 08/02/2014 Books